| 000 | 00736nam a22002177a 4500 | ||
|---|---|---|---|
| 003 | SEM | ||
| 005 | 20260625171909.0 | ||
| 008 | 260623s1961 ai ||||gr||||||01|||arm|d | ||
| 040 |
_aSEM _cSEM |
||
| 041 | _aarm | ||
| 080 | _a891.981-3/Խ-24 | ||
| 100 |
_aԽանզադյան, Սերո _q(Ханзадян, Серо) |
||
| 245 |
_aՄխիթար Սպարապետ : _bՊատմավեպ / _cՍ. Խանզադյան ; Խմբ.՝ Էդ. Թոփչյան |
||
| 246 | _aМхитар Спарапет / | ||
| 260 |
_aԵրևան : _bՀայպետհրատ., _c1961. |
||
| 300 |
_a843 էջ ; _c22 սմ |
||
| 650 |
_aՀայ գրականություն _xարձակ |
||
| 653 | _aՍԷՄ | ||
| 700 |
_aԹոփչյան, Էդ. _eխմբ. _4edt. |
||
| 942 |
_2udc _cBK |
||
| 999 |
_c77335 _d77335 |
||